000 00705nam a2200289Ia 4500
005 20260324141243.0
008 008 260324s9999 xx 000 0 eng d
020 _a9780203350959
037 _aEBOOK
040 _aCRL
040 _beng
040 _cCRL
041 _2eng
041 _aeng
084 _qCRL
100 _aTerry Evans; Daryl Nation
_91200556
245 0 _aOpening Education
245 0 _bPolicies and Practices from Open and Distance Education
260 _bTaylor and Francis
260 _c1997
365 _a
365 _b55.99
856 _uhttp://www.taylorfrancis.com/books/9780203350959
942 _cEBOOK
999 _c1810398
_d1810398